书目信息 |
| 题名: |
法国对突尼斯保护权的起源
|
|
| 作者: | 加尼阿热 著 ;上海人民出版社编译室法文组 译 | |
| 分册: | ||
| 出版信息: | 上海 上海人民出版社 1975 |
|
| 页数: | 803页 | |
| 开本: | 20cm | |
| 丛书名: | ||
| 单 册: | ||
| 中图分类: | K414 | |
| 科图分类: | ||
| 主题词: | 候赛因王朝(1705-1957)--历史--突尼斯 | |
| 电子资源: | ||
| ISBN: | ||
| 000 | 00767nam0 2200229 45 | |
| 001 | 0175003311 | |
| 005 | 20060818112416.73 | |
| 010 | @dCNY1.95 | |
| 100 | @a19951017d1975 em y0chiy0121 ea | |
| 101 | 1 | @achi@cfre |
| 102 | @aCN@b310000 | |
| 105 | @ay z 000yy | |
| 200 | 10 | @a法国对突尼斯保护权的起源@Afa guo dui tu ni si bao hu quan de qi yuan@e1861-1881年@f(法)J.加尼阿热著@g上海人民出版社编译室法文组译 |
| 210 | @a上海@c上海人民出版社@d1975 | |
| 215 | @a803页@d20cm | |
| 606 | @a候赛因王朝(1705-1957)@x历史@y突尼斯 | |
| 690 | @aK414@v3 | |
| 701 | 1 | @a加尼阿热@Ajia ni a re@bJ.@4著 |
| 712 | 02 | @a上海人民出版社编译室法文组@Ashang hai ren min chu ban she bian yi shi fa wen zu@4译 |
| 801 | 2 | @aCN@bNLC@c20060818 |
| 801 | 0 | @aCN@bTSSF |
| 905 | @a10447@dK414@e2 | |
| 法国对突尼斯保护权的起源:1861-1881年/(法)J.加尼阿热著/上海人民出版社编译室法文组译.-上海:上海人民出版社,1975 |
| 803页;20cm |
| ISBN :CNY1.95 |
| ● |
| 相关链接 |
|
|
|
|
正题名:法国对突尼斯保护权的起源
索取号:K414/2
 
预约/预借
| 序号 | 登录号 | 条形码 | 馆藏地/架位号 | 状态 | 备注 |
| 1 | 0466539 | 204665399 | 密集书库/ [索取号:K414/2] | 在馆 |